[Event "e2e4 High Wycombe Open"]
[Site "Uplands Park ENG"]
[Date "2011.10.09"]
[Round "5"]
[White "Hegarty, Sarah N."]
[Black "Hoare, Amy B"]
[Result "1-0"]
[WhiteTitle "WFM"]
[WhiteElo "2051"]
[BlackElo "1935"]
[Plycount "91"]
[WhiteFideId "2501465"]
[BlackFideId "418366"]
[EventDate "2011.10.07"]
[Source "TWIC 883"]

1. b3 Nf6 2. Bb2 d5 3. e3 g6 4. f4 Bg7 5. Nf3 c5 6. Bb5+ Bd7 7. Bxd7+ Nbxd7 8.
O-O O-O 9. Qe1 e6 10. d3 b5 11. Nbd2 a5 12. a4 bxa4 13. Rxa4 Nb6 14. Ra2 Ne8 15.
Ba3 Qc7 16. d4 Nd7 17. Ne5 Nef6 18. Nd3 Rfc8 19. Nxc5 Nxc5 20. Bxc5 Nd7 21. Ba3
Nb6 22. Qe2 a4 23. Rfa1 axb3 24. cxb3 Qc3 25. Bc5 Rxa2 26. Rxa2 Nd7 27. b4 Bf8
28. Kf2 Bxc5 29. bxc5 Qb4 30. Qa6 Rc7 31. Qa5 Qxa5 32. Rxa5 Kf8 33. g4 Ke7 34.
Ra8 Kf6 35. g5+ Kg7 36. Nf3 f6 37. h4 Kf7 38. Nh2 Kg7 39. Ng4 fxg5 40. hxg5 Nf8
41. Nf6 Kf7 42. Ne8 Re7 43. Nd6+ Kg7 44. c6 Kg8 45. Ne8 Kf7 46. c7 1-0

[Event "III Tancat IM"]
[Site "Barcelona ESP"]
[Date "2011.10.08"]
[Round "2"]
[White "Ryan, Joe"]
[Black "Martinez Ramirez, Erik"]
[Result "1/2-1/2"]
[WhiteTitle "FM"]
[WhiteElo "2288"]
[BlackElo "2301"]
[Plycount "65"]
[WhiteFideId "2500426"]
[BlackFideId "22202366"]
[EventDate "2011.10.01"]
[Source "TWIC 883"]

1. e4 c5 2. Nf3 g6 3. d4 cxd4 4. Nxd4 Nf6 5. Nc3 Nc6 6. g3 Bg7 7. Nde2 O-O 8.
Bg2 Rb8 9. a4 a6 10. O-O b5 11. axb5 axb5 12. Nd5 b4 13. Bg5 Ng4 14. Ra2 h6 15.
Bd2 d6 16. b3 e6 17. Ne3 Nxe3 18. Bxe3 Bb7 19. Qd2 Kh7 20. Nd4 Nxd4 21. Bxd4
Bxd4 22. Qxd4 Qc7 23. Rd1 Ra8 24. Rda1 Rxa2 25. Rxa2 Ra8 26. Rxa8 Bxa8 27. Qxb4
Qxc2 28. h4 Qc7 29. Qa4 Bc6 30. Qa6 Bb7 31. Qa7 Qc6 32. b4 Kg7 33. Kh2 1/2-1/2

[Event "FSFMB Oct"]
[Site "Budapest HUN"]
[Date "2011.10.09"]
[Round "9"]
[White "Breen, Anthony"]
[Black "Somogyi, Akos"]
[Result "1-0"]
[WhiteElo "1648"]
[BlackElo "1295"]
[Plycount "67"]
[WhiteFideId "2503174"]
[BlackFideId "763330"]
[EventDate "2011.10.01"]
[Source "TWIC 884"]

1. Nf3 c5 2. c4 Nf6 3. g3 e6 4. Bg2 d5 5. cxd5 exd5 6. d4 c4 7. O-O Be7 8. Nc3
O-O 9. b3 Bb4 10. Bb2 Bxc3 11. Bxc3 b5 12. Qc2 Nc6 13. a3 a5 14. Rfd1 b4 15.
axb4 Ne4 16. bxc4 dxc4 17. Qxe4 Bb7 18. bxa5 Nxa5 19. Qe5 Re8 20. Bxa5 Rxa5 21.
Qxa5 Qxa5 22. Rxa5 Rxe2 23. Re1 Rxe1+ 24. Nxe1 g6 25. Bxb7 Kg7 26. Rc5 c3 27.
Rxc3 h6 28. d5 f5 29. d6 g5 30. d7 Kg6 31. d8=Q Kh5 32. Qe8+ Kg4 33. h3+ Kxh3
34. Qh5# 1-0

[Event "FSFMB Oct"]
[Site "Budapest HUN"]
[Date "2011.10.10"]
[Round "10"]
[White "Mihajlova, Diana"]
[Black "Breen, Anthony"]
[Result "0-1"]
[WhiteElo "1425"]
[BlackElo "1648"]
[Plycount "78"]
[WhiteFideId "468444"]
[BlackFideId "2503174"]
[EventDate "2011.10.01"]
[Source "TWIC 884"]

1. e4 c5 2. Nf3 e6 3. c3 a6 4. d4 cxd4 5. cxd4 Qc7 6. Bd3 d6 7. Be3 Nd7 8. Nbd2
Ngf6 9. Rc1 Qb8 10. O-O Be7 11. Ng5 h6 12. Nh3 b6 13. f4 Bb7 14. Nf2 O-O 15. Ng4
Ra7 16. f5 e5 17. d5 Nc5 18. Nxf6+ Bxf6 19. Be2 Ba8 20. Bh5 Re7 21. Bxh6 gxh6
22. Qg4+ Kh7 23. Bxf7 Rexf7 24. Qg6+ Kh8 25. Rf3 Bg5 26. Rh3 Bxd2 27. Rf1 Rf6
28. Qg4 Rg8 29. Qe2 Bf4 30. Rff3 a5 31. Rh5 Qf8 32. Qf2 Qg7 33. Rxf4 exf4 34.
Rh4 Nxe4 35. Qf3 Bxd5 36. h3 Qg3 37. Rg4 Rxg4 38. hxg4 Qxf3 39. gxf3 Nd2 0-1

[Event "III Tancat IM"]
[Site "Barcelona ESP"]
[Date "2011.10.29"]
[Round "5"]
[White "Rojas Keim, Luis"]
[Black "Ryan, Joe"]
[Result "1/2-1/2"]
[WhiteTitle "IM"]
[BlackTitle "FM"]
[WhiteElo "2408"]
[BlackElo "2288"]
[Plycount "91"]
[WhiteFideId "3400646"]
[BlackFideId "2500426"]
[EventDate "2011.10.01"]
[Source "TWIC 887"]

1. e4 d6 2. d4 Nf6 3. f3 d5 4. Nc3 c5 5. Bf4 e6 6. exd5 Nxd5 7. Nxd5 Qxd5 8.
dxc5 Qxd1+ 9. Rxd1 Bxc5 10. Ne2 Nc6 11. Nc3 Bb4 12. Bd2 Ke7 13. a3 Ba5 14. b4
Bc7 15. Be3 b6 16. Bb5 Bb7 17. Ne2 Rhd8 18. Kf2 Rxd1 19. Rxd1 Rd8 20. Rc1 Be5
21. c3 Bf6 22. f4 h5 23. Bxc6 Bxc6 24. Bd4 Bxd4+ 25. Nxd4 Bd5 26. g3 Rc8 27. Ke3
f6 28. Kd2 g5 29. fxg5 fxg5 30. Rf1 a5 31. Nc2 Bc4 32. Rb1 Rd8+ 33. Ke1 Bd3 34.
Rb2 Bxc2 35. Rxc2 e5 36. bxa5 bxa5 37. Rb2 Rd3 38. Rb5 Ke6 39. Rc5 Kd6 40. Rc8
Kd7 41. Rc4 h4 42. gxh4 gxh4 43. Rxh4 Rxc3 44. Ra4 Rh3 45. Rxa5 Rxh2 46. Rxe5 1/2-1/2

[Event "III Tancat IM"]
[Site "Barcelona ESP"]
[Date "2011.11.05"]
[Round "6"]
[White "Ryan, Joe"]
[Black "Cruz, Jonathan"]
[Result "0-1"]
[WhiteTitle "FM"]
[BlackTitle "IM"]
[WhiteElo "2288"]
[BlackElo "2412"]
[Plycount "112"]
[WhiteFideId "2500426"]
[BlackFideId "3802124"]
[EventDate "2011.10.01"]
[Source "TWIC 887"]

1. b3 e5 2. Bb2 d6 3. e3 Nf6 4. c4 g6 5. Nc3 Bg7 6. Nf3 O-O 7. d4 exd4 8. Nxd4
c5 9. Nde2 Nc6 10. Qd2 b5 11. cxb5 Ne7 12. Nf4 Bb7 13. Be2 d5 14. Bf3 g5 15. Nh5
Nxh5 16. Bxh5 d4 17. exd4 cxd4 18. Ne2 Bxg2 19. Rg1 Qd5 20. f3 Bxf3 21. Qxg5
Qxg5 22. Rxg5 Bxh5 23. Rxh5 Rfe8 24. Kd2 Ng6 25. Nc1 Re3 26. a4 Rae8 27. a5 Ne5
28. b6 Nf3+ 29. Kc2 Rc8+ 30. Kb1 axb6 31. axb6 Nd2+ 32. Ka2 Ra8+ 33. Ba3 Nc4 34.
b7 Rxa3+ 35. Kb1 Rxa1+ 36. Kxa1 d3+ 37. Kb1 Re8 38. bxc4 d2 39. Kc2 dxc1=Q+ 40.
Kxc1 Re1+ 41. Kc2 Re2+ 42. Kd3 Rb2 43. Rc5 Rxb7 44. Rc8+ Bf8 45. c5 Rb5 46. c6
Rc5 47. Kd4 Rc1 48. Ke5 Kg7 49. Kf5 Rh1 50. c7 Rc1 51. Ke5 Rc5+ 52. Kd4 Bd6 53.
h4 Rxc7 54. Ra8 Be7 55. h5 Bf6+ 56. Ke4 Rc5 0-1

[Event "FSFMC November"]
[Site "Budapest HUN"]
[Date "2011.11.06"]
[Round "2"]
[White "Breen, Anthony"]
[Black "Koltai, Daniel"]
[Result "1-0"]
[WhiteElo "1659"]
[BlackElo "1422"]
[Plycount "113"]
[WhiteFideId "2503174"]
[BlackFideId "756644"]
[EventDate "2011.11.05"]
[Source "TWIC 888"]

1. e4 c5 2. Nc3 Nc6 3. g3 e6 4. Bg2 Nge7 5. f4 g6 6. d3 Bg7 7. Nf3 d6 8. O-O O-O
9. Ne2 Qb6 10. c3 f5 11. Qc2 e5 12. Be3 Qa5 13. Nd2 Be6 14. Nb3 Qb6 15. fxe5
Bxb3 16. axb3 Bxe5 17. Rfd1 Rac8 18. Kh1 Rfd8 19. b4 Qb5 20. bxc5 dxc5 21. Nf4
Rd6 22. Nd5 Nxd5 23. exd5 Nb8 24. d4 cxd4 25. Bxd4 Bxd4 26. Rxd4 Na6 27. c4 Qc5
28. Qc3 b5 29. cxb5 Qxc3 30. bxc3 Nb8 31. c4 Rc7 32. Rc1 Rc5 33. Ra1 Rc7 34. Rc1
Rc5 35. Ra1 Rc7 36. Kg1 Nd7 37. Kf2 Kf7 38. Ke3 Nc5 39. Ra3 Kf6 40. Rd1 Re7+ 41.
Kd4 Rc7 42. Re1 Rd8 43. Rxa7 Nb3+ 44. Kc3 Rxa7 45. Kxb3 Re7 46. Rxe7 Kxe7 47.
Kb4 Kd7 48. c5 Kc7 49. b6+ Kc8 50. Kb5 Re8 51. c6 Re2 52. Bf1 Rb2+ 53. Kc5 Rc2+
54. Kd6 Rb2 55. b7+ Kb8 56. Ba6 Rc2 57. Kd7 1-0

[Event "FSFMC November"]
[Site "Budapest HUN"]
[Date "2011.11.07"]
[Round "3"]
[White "Mihajlova, Diana"]
[Black "Breen, Anthony"]
[Result "1/2-1/2"]
[WhiteElo "1454"]
[BlackElo "1659"]
[Plycount "93"]
[WhiteFideId "468444"]
[BlackFideId "2503174"]
[EventDate "2011.11.05"]
[Source "TWIC 888"]

1. e4 e6 2. d4 d5 3. Nc3 Nf6 4. e5 Nfd7 5. f4 c5 6. Nf3 Nc6 7. Nb5 c4 8. Bd2 a6
9. Nd6+ Bxd6 10. exd6 Nf6 11. Be3 Qxd6 12. c3 O-O 13. Ne5 Bd7 14. g4 b5 15. g5
Ne4 16. Bg2 Ne7 17. h4 Nf5 18. Bxe4 dxe4 19. Qd2 Bc6 20. Qf2 Bd5 21. Rg1 b4 22.
h5 g6 23. hxg6 fxg6 24. Rh1 Qe7 25. Ke2 Rab8 26. Kf1 bxc3 27. bxc3 Nxe3+ 28.
Qxe3 Qxg5 29. Rg1 Qxf4+ 30. Qxf4 Rxf4+ 31. Ke2 Rb2+ 32. Ke3 Rff2 33. Rge1 Rxa2
34. Rxa2 Rxa2 35. Ng4 Rc2 36. Nf6+ Kh8 37. Nxe4 Bxe4 38. Kxe4 Rxc3 39. Ra1 Rh3
40. Rxa6 Kg7 41. Rxe6 Kf7 42. Rc6 c3 43. d5 Ke7 44. Ke5 Kd7 45. Rd6+ Kc7 46.
Rc6+ Kd7 47. Rd6+ 1/2-1/2

[Event "FSFMC November"]
[Site "Budapest HUN"]
[Date "2011.11.09"]
[Round "5"]
[White "Czipp, Janos"]
[Black "Breen, Anthony"]
[Result "0-1"]
[WhiteElo "1454"]
[BlackElo "1659"]
[Plycount "70"]
[WhiteFideId "739294"]
[BlackFideId "2503174"]
[EventDate "2011.11.05"]
[Source "TWIC 888"]

1. d4 d5 2. c4 e6 3. a3 c6 4. Nc3 Nf6 5. Nf3 Nbd7 6. g3 Be7 7. Bg2 O-O 8. cxd5
exd5 9. O-O Bd6 10. Ng5 h6 11. Nh3 Re8 12. b4 a6 13. Bf4 Nb6 14. Bxd6 Qxd6 15.
Nf4 Bf5 16. f3 Nc4 17. Rf2 Ne3 18. Qd2 Re7 19. Bh1 Rae8 20. Ng2 Nc4 21. Qf4 Qe6
22. e4 dxe4 23. fxe4 Nxe4 24. Re1 Nxf2 25. Qxf2 Qd7 26. Ne2 Nxa3 27. Ngf4 Nb5
28. d5 cxd5 29. Bxd5 Nc3 30. Bf3 Qb5 31. Kf1 a5 32. Nh5 Bh3+ 33. Bg2 Bxg2+ 34.
Kxg2 Qc6+ 35. Qf3 Rxe2+ 0-1

[Event "III Tancat IM"]
[Site "Barcelona ESP"]
[Date "2011.11.12"]
[Round "7"]
[White "Tallo Dominguez, Imar"]
[Black "Ryan, Joe"]
[Result "1-0"]
[BlackTitle "FM"]
[WhiteElo "2141"]
[BlackElo "2288"]
[Plycount "85"]
[WhiteFideId "2283743"]
[BlackFideId "2500426"]
[EventDate "2011.10.01"]
[Source "TWIC 888"]

1. e4 d6 2. d4 Nf6 3. Nc3 g6 4. Be3 c6 5. Nf3 Bg7 6. Qd2 b5 7. Bd3 Nbd7 8. h3 e5
9. dxe5 dxe5 10. Ne2 Bb7 11. Ng3 Qe7 12. O-O O-O 13. a4 a6 14. c4 bxc4 15. Bxc4
c5 16. Qc2 Rac8 17. Nd2 Ne8 18. Ne2 Kh8 19. Nc3 f5 20. f3 f4 21. Bf2 Nc7 22. Nb3
Rb8 23. Rfd1 Rfc8 24. Qd3 Rd8 25. Qe2 Bf8 26. Nd5 Bxd5 27. exd5 Ne8 28. Na5 Qf6
29. Nc6 Nd6 30. Nxd8 Qxd8 31. Bxa6 Bg7 32. Bb5 e4 33. fxe4 Ne5 34. Bxc5 f3 35.
gxf3 Qg5+ 36. Kh1 Qh5 37. Qg2 Rc8 38. Rac1 Rxc5 39. Rxc5 Nxe4 40. Rc8+ Bf8 41.
Rxf8+ Kg7 42. fxe4 Qxd1+ 43. Qf1 1-0

[Event "FSFMC November"]
[Site "Budapest HUN"]
[Date "2011.11.12"]
[Round "8"]
[White "Breen, Anthony"]
[Black "Szabo, Miklos"]
[Result "1-0"]
[WhiteElo "1659"]
[BlackElo "1345"]
[Plycount "95"]
[WhiteFideId "2503174"]
[BlackFideId "715042"]
[EventDate "2011.11.05"]
[Source "TWIC 889"]

1. e4 e5 2. Nf3 Nc6 3. Bc4 Bc5 4. c3 d6 5. Bb3 Nf6 6. d3 h6 7. h3 O-O 8. Nbd2
Be6 9. Nf1 d5 10. exd5 Nxd5 11. Ng3 Nf4 12. Bxf4 exf4 13. Ne4 Bxb3 14. axb3 Re8
15. O-O Bd6 16. Re1 a6 17. d4 f5 18. Nxd6 Qxd6 19. Qd3 g6 20. Re2 Re7 21. b4
Rae8 22. Rxe7 Rxe7 23. b5 axb5 24. Qxb5 b6 25. Ra8+ Kg7 26. Qc4 Rf7 27. b4 Rf8
28. Ra1 Rd8 29. Re1 Qd5 30. Qe2 b5 31. Ra1 Kf7 32. h4 Re8 33. Qd2 Re4 34. Ra8
Kg7 35. Rc8 Qd7 36. Ra8 Qd5 37. Ra6 Kf7 38. Ne1 g5 39. Nd3 Nxd4 40. cxd4 Rxd4
41. Qb2 Rxd3 42. Qf6+ Ke8 43. Re6+ Kd7 44. Re7+ Kc8 45. Qa6+ Qb7 46. Re8+ Kd7
47. Qxb7 Kxe8 48. Qxb5+ 1-0

[Event "FSFMC November"]
[Site "Budapest HUN"]
[Date "2011.11.13"]
[Round "9"]
[White "Somogyi, Kristof"]
[Black "Breen, Anthony"]
[Result "0-1"]
[WhiteElo "1375"]
[BlackElo "1659"]
[Plycount "42"]
[WhiteFideId "763756"]
[BlackFideId "2503174"]
[EventDate "2011.11.05"]
[Source "TWIC 889"]

1. f4 g6 2. Nc3 d5 3. d4 Nf6 4. Nf3 Bg7 5. e3 b6 6. Bd3 Bb7 7. b3 Nbd7 8. f5 e6
9. fxe6 fxe6 10. Ne5 Nxe5 11. dxe5 Nd7 12. Bb5 Bxe5 13. Qd3 c6 14. O-O cxb5 15.
Qxb5 Bxc3 16. Rb1 Rf8 17. Ba3 Rxf1+ 18. Rxf1 Bg7 19. c3 Qc8 20. Bf8 Bxf8 21. Rf6
Qc6 0-1

[Event "FSFMC November"]
[Site "Budapest HUN"]
[Date "2011.11.14"]
[Round "10"]
[White "Breen, Anthony"]
[Black "Kalman, Tamas"]
[Result "1/2-1/2"]
[WhiteElo "1659"]
[BlackElo "1618"]
[Plycount "97"]
[WhiteFideId "2503174"]
[BlackFideId "765058"]
[EventDate "2011.11.05"]
[Source "TWIC 889"]

1. e4 e5 2. Nf3 Nc6 3. d4 exd4 4. Nxd4 Nf6 5. Nxc6 bxc6 6. e5 Qe7 7. Qe2 Nd5 8.
c4 Nb6 9. b3 g5 10. Bb2 Bg7 11. Bc3 Bb7 12. Qe3 c5 13. Be2 O-O-O 14. a4 d5 15.
a5 d4 16. Qh3+ Nd7 17. a6 Bc6 18. Bb2 Qxe5 19. Qd3 Rde8 20. Bc1 g4 21. Nd2 h5
22. Rg1 Qxh2 23. Kf1 Re6 24. Ba3 Rhe8 25. Re1 h4 26. b4 h3 27. gxh3 gxh3 28. Nf3
Bxf3 29. Qxf3 Bh6 30. Qa8+ Nb8 31. Bg4 Qd6 32. Bxh3 Qxa6 33. Bxe6+ fxe6 34. Rg6
Qxc4+ 35. Kg1 Bf4 36. Qe4 e5 37. Qf5+ Nd7 38. Rg7 Qd5 39. Qxf4 exf4 40. Rxe8+
Kb7 41. Rd8 Qb3 42. Rdxd7 Qxa3 43. Rxc7+ Kb6 44. bxc5+ Kb5 45. Rxa7 Qc1+ 46. Kg2
d3 47. Rgb7+ Kc6 48. Rc7+ Kd5 49. Rd7+ 1/2-1/2

[Event "III Tancat IM"]
[Site "Barcelona ESP"]
[Date "2011.11.19"]
[Round "8"]
[White "Aranda Gonzalez, Jose"]
[Black "Ryan, Joe"]
[Result "1/2-1/2"]
[WhiteTitle "FM"]
[BlackTitle "FM"]
[WhiteElo "2246"]
[BlackElo "2288"]
[Plycount "104"]
[WhiteFideId "2202867"]
[BlackFideId "2500426"]
[EventDate "2011.10.01"]
[Source "TWIC 889"]

1. e4 d6 2. d4 Nf6 3. Nc3 g6 4. g3 Bg7 5. Bg2 O-O 6. Nge2 c6 7. O-O e5 8. h3 b5
9. a3 Bb7 10. Be3 Nbd7 11. f4 Qc7 12. dxe5 dxe5 13. f5 a5 14. g4 b4 15. axb4
axb4 16. Rxa8 Rxa8 17. Nb1 c5 18. Ng3 c4 19. g5 Ne8 20. Qd2 Bf8 21. Qf2 Nc5 22.
fxg6 hxg6 23. Nd2 c3 24. bxc3 bxc3 25. Nf3 Ba6 26. Ra1 Ne6 27. Ne2 Bb7 28. Rxa8
Bxa8 29. Bb6 Qe7 30. Nxc3 Nxg5 31. Nd5 Nxf3+ 32. Qxf3 Qe6 33. Qf2 Qc6 34. Be3
Qc4 35. Nb6 Qc6 36. c4 Bb7 37. c5 Nf6 38. Nd5 Nd7 39. Kh2 Bxc5 40. Qh4 Bf8 41.
Qd8 Kg7 42. Qh4 Qd6 43. Bh6+ Kg8 44. Bxf8 Qxf8 45. Ne3 Nc5 46. Ng4 Qd6 47. Nf6+
Kf8 48. Qh8+ Ke7 49. Ng8+ Kd7 50. Nf6+ Ke7 51. Ng8+ Kd7 52. Nf6+ Ke7 1/2-1/2

[Event "III Tancat IM"]
[Site "Barcelona ESP"]
[Date "2011.11.26"]
[Round "9"]
[White "Ryan, Joe"]
[Black "Nunez Lucero, Francisco"]
[Result "1-0"]
[WhiteTitle "FM"]
[WhiteElo "2288"]
[BlackElo "2161"]
[Plycount "89"]
[WhiteFideId "2500426"]
[BlackFideId "2214369"]
[EventDate "2011.10.01"]
[Source "TWIC 890"]

1. g3 d5 2. Bg2 c5 3. d3 Nc6 4. Nf3 Nf6 5. O-O e5 6. c4 Be7 7. Bg5 dxc4 8. dxc4
Qxd1 9. Rxd1 e4 10. Nfd2 h6 11. Be3 Ne5 12. Nc3 Bg4 13. Bf4 Ng6 14. Be3 Ne5 15.
b3 O-O-O 16. Ndxe4 Nxe4 17. Bxe4 Nc6 18. f3 Bf6 19. Rxd8+ Rxd8 20. Rc1 Bh3 21.
Nd5 Bd4 22. Bxd4 Nxd4 23. Kf2 Be6 24. Nf4 Rd6 25. e3 Nc6 26. Nxe6 fxe6 27. Bxc6
Rxc6 28. Rd1 Kc7 29. e4 a6 30. a4 b5 31. cxb5 axb5 32. axb5 Rb6 33. h4 Rxb5 34.
Rd3 h5 35. Ke3 Kc6 36. Kf4 g6 37. e5 Rb8 38. Kg5 Kb5 39. f4 Kb4 40. Kxg6 Ka3 41.
Rc3 Rb5 42. f5 Kb2 43. Re3 exf5 44. e6 Rxb3 45. Rxb3+ 1-0

[Event "FSFMB December 2011"]
[Site "Budapest HUN"]
[Date "2011.12.13"]
[Round "11"]
[White "Breen, Anthony"]
[Black "Mayer, Istvan"]
[Result "0-1"]
[BlackTitle "FM"]
[WhiteElo "1659"]
[BlackElo "2031"]
[Plycount "38"]
[WhiteFideId "2503174"]
[BlackFideId "700908"]
[EventDate "2011.12.03"]
[Source "TWIC 893"]

1. e4 e6 2. d3 d5 3. Nd2 Nf6 4. Ngf3 Bc5 5. Be2 Nc6 6. c3 dxe4 7. dxe4 a6 8. Qc2
Ng4 9. O-O Nge5 10. Nb3 Bb6 11. Bf4 Nxf3+ 12. Bxf3 e5 13. Rad1 Qf6 14. Bg3 h5
15. h3 Bxh3 16. Qe2 Be6 17. Rd3 h4 18. Bh2 h3 19. g3 Bc4 0-1

[Event "80th Anniversary Mollet IM"]
[Site "Mollet del Valles ESP"]
[Date "2011.12.08"]
[Round "2"]
[White "Ryan, Joe"]
[Black "Ramon Solans, Albert"]
[Result "1-0"]
[WhiteTitle "FM"]
[WhiteElo "2304"]
[BlackElo "2280"]
[Plycount "105"]
[WhiteFideId "2500426"]
[BlackFideId "22201815"]
[EventDate "2011.12.07"]
[Source "TWIC 893"]

1. g3 d5 2. Bg2 Nf6 3. d3 g6 4. Nf3 Bg7 5. O-O O-O 6. c3 b6 7. e4 dxe4 8. dxe4
Qxd1 9. Rxd1 Bb7 10. e5 Ne8 11. a4 c5 12. Na3 Nc7 13. Nc4 Nba6 14. Ng5 Bxg2 15.
Kxg2 Rad8 16. Be3 h6 17. Ne4 Nd5 18. Bd2 Rd7 19. Be1 Rfd8 20. Rd2 Ndc7 21. Rxd7
Rxd7 22. f4 f5 23. Nf2 Ne6 24. Kf3 Nb8 25. Ke2 Bf8 26. Nd3 Nd8 27. Bf2 e6 28. b3
Nb7 29. Be3 Nc6 30. Rd1 Nca5 31. Nxa5 Nxa5 32. Nc1 Rxd1 33. Kxd1 Kf7 34. Kc2 Be7
35. h4 g5 36. hxg5 hxg5 37. Kd3 Kg6 38. Ke2 gxf4 39. gxf4 c4 40. b4 Nb3 41. Nxb3
cxb3 42. Kd2 Kh5 43. Kc1 Kg4 44. Kb2 Bf8 45. a5 bxa5 46. bxa5 a6 47. Kxb3 Bh6
48. c4 Bxf4 49. Bd4 Bd2 50. Ka4 f4 51. c5 Be3 52. c6 Bxd4 53. c7 1-0

[Event "80th Anniversary Mollet IM"]
[Site "Mollet del Valles ESP"]
[Date "2011.12.08"]
[Round "3"]
[White "Amores Gago, Javier"]
[Black "Ryan, Joe"]
[Result "0-1"]
[BlackTitle "FM"]
[WhiteElo "2062"]
[BlackElo "2304"]
[Plycount "94"]
[WhiteFideId "32004192"]
[BlackFideId "2500426"]
[EventDate "2011.12.07"]
[Source "TWIC 893"]

1. e4 d6 2. d4 Nf6 3. Nc3 g6 4. f4 Bg7 5. Nf3 O-O 6. e5 dxe5 7. fxe5 Nd5 8. Be2
c5 9. Nxd5 Qxd5 10. c3 cxd4 11. cxd4 Qa5+ 12. Bd2 Qb6 13. Bc3 Bg4 14. Qb3 Qxb3
15. axb3 Nc6 16. O-O Rfd8 17. Rfd1 a6 18. b4 b5 19. h3 Be6 20. g4 Bd5 21. g5 e6
22. Ne1 h6 23. Nd3 Bf8 24. Nc5 Bxc5 25. bxc5 b4 26. Be1 Bb3 27. Bf3 Bd5 28. Be2
a5 29. h4 hxg5 30. hxg5 Kg7 31. Kf2 Rh8 32. Kg3 Rh7 33. Bg4 Rh1 34. Bf2 Rxd1 35.
Bxd1 Ne7 36. Bc2 b3 37. Bd3 Nc6 38. Be1 Rh8 39. Bc3 Rh5 40. Kg4 Rh2 41. Bb5 Ne7
42. Bd3 Rg2+ 43. Kh4 Nf5+ 44. Bxf5 gxf5 45. Rxa5 f4 46. Ra1 Bf3 47. Kh3 Rxg5 0-1

[Event "80th Anniversary Mollet IM"]
[Site "Mollet del Valles ESP"]
[Date "2011.12.09"]
[Round "4"]
[White "Ryan, Joe"]
[Black "Cruz, Cristhian"]
[Result "0-1"]
[WhiteTitle "FM"]
[BlackTitle "IM"]
[WhiteElo "2304"]
[BlackElo "2500"]
[Plycount "112"]
[WhiteFideId "2500426"]
[BlackFideId "3801969"]
[EventDate "2011.12.07"]
[Source "TWIC 893"]

1. g3 d5 2. Bg2 e6 3. Nf3 f5 4. d4 Nf6 5. c4 c6 6. O-O Bd6 7. Nc3 O-O 8. Qc2 Ne4
9. Rb1 Nd7 10. b4 Qe7 11. b5 Ndf6 12. a4 cxb5 13. Nxb5 dxc4 14. Nxd6 Qxd6 15.
Qxc4 Bd7 16. Rxb7 Rfc8 17. Qb4 Qxb4 18. Rxb4 Nd5 19. Rb2 Bxa4 20. Bf4 a5 21. Ra1
Rc2 22. Rb8+ Rxb8 23. Bxb8 Bb5 24. h4 a4 25. Ng5 Ndc3 26. Nxe4 fxe4 27. e3 Bc4
28. Bd6 Bb3 29. Bf1 Kf7 30. g4 Rb2 31. Rc1 Rc2 32. Ra1 h6 33. h5 Ra2 34. Rc1 Rc2
35. Ra1 Rb2 36. Rc1 Rc2 37. Ra1 Ba2 38. Bb4 Nd5 39. Bd6 Kf6 40. Bb5 Nc3 41. Be8
Rb2 42. Kg2 Rb1 43. Rxa2 Nxa2 44. Bxa4 Nc3 45. Be8 Rb2 46. Be5+ Ke7 47. Bg6 Nd1
48. Bxg7 Rxf2+ 49. Kg1 Rf3 50. Bxe4 Rg3+ 51. Kh2 Rxg4 52. Bg6 Nxe3 53. Kh3 Rg1
54. Bxh6 Nf5 55. Bxf5 exf5 56. Kh4 Kf6 0-1

[Event "80th Anniversary Mollet IM"]
[Site "Mollet del Valles ESP"]
[Date "2011.12.09"]
[Round "5"]
[White "Colon Garcia, Enrique"]
[Black "Ryan, Joe"]
[Result "1/2-1/2"]
[WhiteTitle "FM"]
[BlackTitle "FM"]
[WhiteElo "2301"]
[BlackElo "2304"]
[Plycount "157"]
[WhiteFideId "2285940"]
[BlackFideId "2500426"]
[EventDate "2011.12.07"]
[Source "TWIC 893"]

1. Nf3 d6 2. e4 g6 3. d4 Nf6 4. Nc3 c6 5. h3 Bg7 6. Bd3 Nbd7 7. Be3 e5 8. O-O
O-O 9. Qd2 Qe7 10. Bg5 b5 11. Ne2 Bb7 12. Ng3 a6 13. c3 c5 14. d5 c4 15. Bc2
Rfe8 16. Nh2 Qf8 17. b4 cxb3 18. axb3 h6 19. Be3 h5 20. Nf3 Rec8 21. Rfc1 a5 22.
b4 a4 23. Bd3 Ba6 24. Qe2 Rab8 25. Rxa4 bxa4 26. Bxa6 Rc7 27. Bb5 a3 28. Bc6 Bh6
29. Ra1 Bxe3 30. Qxe3 Nb6 31. Nd2 Ra7 32. Ra2 Kh7 33. Nb3 Qh6 34. Qxh6+ Kxh6 35.
f3 h4 36. Nf1 Nc4 37. Nfd2 Nxd2 38. Nxd2 Nh5 39. Nc4 Nf4 40. Kf1 Nd3 41. Rxa3
Rxa3 42. Nxa3 Rb6 43. b5 Nb2 44. Ke2 Kg5 45. c4 Kf6 46. Kd2 Ke7 47. Kc3 Na4+ 48.
Kb4 Nc5 49. Ka5 Rb8 50. b6 f5 51. Nc2 fxe4 52. fxe4 Nxe4 53. Ka6 Nc5+ 54. Ka7
Rf8 55. b7 Nxb7 56. Kxb7 Rf2 57. Ne3 Re2 58. Ng4 e4 59. Kc7 Rc2 60. Bb5 Rc3 61.
Ne5 e3 62. Nxg6+ Kf6 63. Nf4 Ke5 64. Ne2 Rc2 65. Ng1 Rxg2 66. Nf3+ Ke4 67. c5
dxc5 68. Ne1 Rg1 69. d6 Rxe1 70. Bd3+ Kxd3 71. d7 e2 72. d8=Q+ Kc2 73. Qe7 Kd3
74. Qd6+ Ke3 75. Qe5+ Kf3 76. Qf5+ Ke3 77. Qe5+ Kf3 78. Qf5+ Ke3 79. Qe5+ 1/2-1/2

[Event "80th Anniversary Mollet IM"]
[Site "Mollet del Valles ESP"]
[Date "2011.12.10"]
[Round "6"]
[White "Ryan, Joe"]
[Black "Rojas Keim, Luis"]
[Result "1/2-1/2"]
[WhiteTitle "FM"]
[BlackTitle "IM"]
[WhiteElo "2304"]
[BlackElo "2397"]
[Plycount "87"]
[WhiteFideId "2500426"]
[BlackFideId "3400646"]
[EventDate "2011.12.07"]
[Source "TWIC 893"]

1. g3 Nf6 2. Bg2 e5 3. d3 g6 4. c4 Bg7 5. Nc3 O-O 6. e4 c6 7. Nge2 Na6 8. O-O
Nc7 9. d4 d6 10. h3 b5 11. cxb5 cxb5 12. a3 a5 13. Bg5 h6 14. Be3 b4 15. axb4
axb4 16. Rxa8 Nxa8 17. Nd5 Nxd5 18. exd5 Ba6 19. dxe5 Bxe5 20. b3 Nc7 21. Re1
Bxe2 22. Qxe2 Bc3 23. Rc1 h5 24. h4 Qd7 25. Qc4 Rc8 26. Qf4 Na6 27. Bf1 Nc5 28.
Bc4 Re8 29. Qf3 Ne4 30. Kg2 Qb7 31. Rc2 f5 32. Ra2 Ra8 33. Qe2 Be5 34. Rxa8+
Qxa8 35. Bb5 Nf6 36. Qc4 Ng4 37. Bb6 Qa1 38. Be8 Bxg3 39. Qc7 Qe5 40. Qf7+ Kh8
41. Qf8+ Kh7 42. Qf7+ Kh8 43. Qf8+ Kh7 44. Qf7+ 1/2-1/2